[Event "Anapa"]
[Site "Anapa"]
[Date "2010.09.08"]
[Round "9"]
[White "Idrisova, Roza"]
[Black "Kalenik, Roman"]
[Result "1-0"]
[WhiteElo "2120"]
[BlackElo "2214"]
[PlyCount "37"]
[EventDate "2010.08.31"]
[EventType "tourn"]
[EventRounds "11"]
[EventCountry "RUS"]
[EventCategory "1"]
[SourceTitle "CBM 138 Extra"]
[Source "ChessBase"]
[SourceDate "2010.10.29"]
[SourceVersion "1"]
[SourceVersionDate "2010.10.29"]
[SourceQuality "1"]

1. d4 d5 2. c4 c6 3. Nf3 dxc4 4. e3 e6 5. Bxc4 b5 6. Bd3 Bb7 7. 0-0 Nf6 8. e4 a6 9. Qe2 Be7 10. Rd1 Nbd7 11. Nc3 Qc7 12. Bg5 e5 13. Rac1 exd4 14. Nxd4 Bc5 15. Nf5 g6 16. e5 Ng8 17. Nd6+ Kf8 18. Nce4 Bxd6 19. Nxd6 1-0

[Event "Anapa"]
[Site "Anapa"]
[Date "2010.08.31"]
[Round "1"]
[White "Kalenik, Roman"]
[Black "Tarlev, Konstantin"]
[Result "0-1"]
[WhiteElo "2214"]
[BlackElo "2484"]
[PlyCount "48"]
[EventDate "2010.08.31"]
[EventType "tourn"]
[EventRounds "11"]
[EventCountry "RUS"]
[EventCategory "1"]
[SourceTitle "CBM 138 Extra"]
[Source "ChessBase"]
[SourceDate "2010.10.29"]
[SourceVersion "1"]
[SourceVersionDate "2010.10.29"]
[SourceQuality "1"]

1. d4 Nf6 2. c4 g6 3. Nc3 Bg7 4. e4 0-0 5. Nge2 Nc6 6. d5 Na5 7. Ng3 c5 8. Be2 d6 9. 0-0 a6 10. Be3 Bd7 11. a3 Qc7 12. Rc1 Rfb8 13. f4 Bg4 14. Bxg4 Nxc4 15. Bf2 Nxb2 16. Qe2 Nxg4 17. Qxb2 b5 18. Qe2 Nxf2 19. Kxf2 b4 20. axb4 cxb4 21. Nb1 Qa7+ 22. Kf3 a5 23. Rc6 a4 24. e5 a3 0-1

[Event "Poltavskaya"]
[Site "Poltavskaya"]
[Date "2010.??.??"]
[Round "5"]
[White "Baranov, Evgeni"]
[Black "Kalenik, Roman"]
[Result "1-0"]
[WhiteElo "2335"]
[BlackElo "2210"]
[PlyCount "65"]
[EventDate "2010.??.??"]
[EventType "tourn"]
[EventRounds "11"]
[EventCountry "RUS"]
[EventCategory "1"]
[SourceTitle "EXT 2012"]
[Source "ChessBase"]
[SourceDate "2011.11.24"]
[SourceVersion "1"]
[SourceVersionDate "2011.11.24"]
[SourceQuality "1"]

1. g3 c5 2. e4 d6 3. Nc3 Nc6 4. Bg2 g6 5. d3 Bg7 6. Be3 e6 7. Qd2 Nge7 8. Bh6 0-0 9. h4 Bxh6 10. Qxh6 Kh8 11. Nh3 Ng8 12. Qd2 e5 13. 0-0-0 Kg7 14. f4 exf4 15. gxf4 Bg4 16. Rdf1 f5 17. Ng5 Qd7 18. Nd5 h6 19. Nf3 fxe4 20. dxe4 Rae8 21. Re1 Bxf3 22. Bxf3 Nd4 23. Qg2 Nxf3 24. Qxf3 Nf6 25. Qc3 Qf7 26. h5 Kh7 27. hxg6+ Kxg6 28. Qh3 Qh7 29. Rhg1+ Kf7 30. Nxf6 Kxf6 31. e5+ dxe5 32. fxe5+ Rxe5 33. Qc3 1-0

[Event "Poltavskaya"]
[Site "Poltavskaya"]
[Date "2010.??.??"]
[Round "9"]
[White "Bedia, Melor"]
[Black "Kalenik, Roman"]
[Result "1-0"]
[WhiteElo "2375"]
[BlackElo "2210"]
[PlyCount "71"]
[EventDate "2010.??.??"]
[EventType "tourn"]
[EventRounds "11"]
[EventCountry "RUS"]
[EventCategory "1"]
[SourceTitle "EXT 2012"]
[Source "ChessBase"]
[SourceDate "2011.11.24"]
[SourceVersion "1"]
[SourceVersionDate "2011.11.24"]
[SourceQuality "1"]

1. e4 c5 2. Nf3 Nc6 3. Bb5 g6 4. Bxc6 dxc6 5. d3 Bg7 6. h3 e5 7. Be3 Qe7 8. Qd2 Nf6 9. Qc3 Nd7 10. Nbd2 0-0 11. a3 b6 12. b4 cxb4 13. axb4 Bb7 14. Nc4 Rfe8 15. h4 h5 16. Qb3 c5 17. b5 Nf8 18. Ng5 Ne6 19. Nxe6 Qxe6 20. 0-0 Kh7 21. Ra3 Re7 22. Rfa1 Bc8 23. Nd2 Qxb3 24. Nxb3 Be6 25. Nd2 Rb7 26. Ra6 Bd7 27. c4 Be6 28. Nb1 Kg8 29. Nc3 Kf8 30. f3 Ke7 31. Kf2 Kd7 32. Ke2 Bf6 33. Na4 Kc7 34. Nc3 Bxh4 35. f4 Bf6 36. f5 1-0

[Event "Poltavskaya"]
[Site "Poltavskaya"]
[Date "2010.??.??"]
[Round "2"]
[White "Kalenik, Roman"]
[Black "Kovalenko, Alexander"]
[Result "0-1"]
[WhiteElo "2210"]
[BlackElo "2200"]
[PlyCount "60"]
[EventDate "2010.??.??"]
[EventType "tourn"]
[EventRounds "11"]
[EventCountry "RUS"]
[EventCategory "1"]
[SourceTitle "EXT 2012"]
[Source "ChessBase"]
[SourceDate "2011.11.24"]
[SourceVersion "1"]
[SourceVersionDate "2011.11.24"]
[SourceQuality "1"]

1. d4 d5 2. c4 c6 3. e3 Nf6 4. Nc3 a6 5. Nf3 Bg4 6. h3 Bxf3 7. Qxf3 b5 8. b3 e5 9. dxe5 Bb4 10. Bd2 Bxc3 11. Bxc3 Ne4 12. Bb4 bxc4 13. bxc4 Nd7 14. Qg4 Qb8 15. a3 Qxe5 16. Rd1 a5 17. Bd2 f5 18. Qh4 0-0 19. Be2 Ndc5 20. cxd5 cxd5 21. 0-0 Qb2 22. Bf3 Qxa3 23. Ra1 Qb2 24. Bxa5 Qe5 25. Bxe4 fxe4 26. Rfc1 Nd3 27. Bc3 Qc7 28. Rxa8 Rxa8 29. Qh5 Rd8 30. Rc2 Nb4 0-1

[Event "Poltavskaya"]
[Site "Poltavskaya"]
[Date "2010.??.??"]
[Round "8"]
[White "Kalenik, Roman"]
[Black "Oganian, Miran"]
[Result "1/2-1/2"]
[WhiteElo "2210"]
[BlackElo "2080"]
[PlyCount "91"]
[EventDate "2010.??.??"]
[EventType "tourn"]
[EventRounds "11"]
[EventCountry "RUS"]
[EventCategory "1"]
[SourceTitle "EXT 2012"]
[Source "ChessBase"]
[SourceDate "2011.11.24"]
[SourceVersion "1"]
[SourceVersionDate "2011.11.24"]
[SourceQuality "1"]

1. d4 d5 2. c4 dxc4 3. e4 e5 4. Nf3 exd4 5. Bxc4 Bb4+ 6. Nbd2 Qf6 7. 0-0 Nc6 8. Nb3 Nge7 9. Nbxd4 0-0 10. Be3 h6 11. Qc2 a6 12. Rfd1 Bg4 13. Be2 Qg6 14. Nxc6 Nxc6 15. Nh4 Qh5 16. Bxg4 Qxh4 17. Bd7 Bd6 18. g3 Nb4 19. Qb1 Qe7 20. Bh3 Rfe8 21. Bg2 Rad8 22. a3 Nc6 23. Qc2 Be5 24. Rd5 Nd4 25. Bxd4 Bxd4 26. Rd1 Rxd5 27. exd5 Qf6 28. b3 Bb6 29. d6 cxd6 30. Bxb7 a5 31. Kg2 Bc5 32. a4 g6 33. Bf3 Kg7 34. Rd2 Bb4 35. Rd1 Re5 36. Rd5 Rxd5 37. Bxd5 Qe5 38. Qc4 Bc5 39. f4 Qb2+ 40. Kh3 Bg1 41. Bg2 h5 42. Qd3 Qf6 43. Bd5 Bc5 44. Bc4 h4 45. Qd5 hxg3 46. hxg3 1/2-1/2

[Event "Poltavskaya"]
[Site "Poltavskaya"]
[Date "2010.??.??"]
[Round "10"]
[White "Kalenik, Roman"]
[Black "Ponomarev, Dmitry"]
[Result "0-1"]
[WhiteElo "2210"]
[BlackElo "2365"]
[PlyCount "90"]
[EventDate "2010.??.??"]
[EventType "tourn"]
[EventRounds "11"]
[EventCountry "RUS"]
[EventCategory "1"]
[SourceTitle "EXT 2012"]
[Source "ChessBase"]
[SourceDate "2011.11.24"]
[SourceVersion "1"]
[SourceVersionDate "2011.11.24"]
[SourceQuality "1"]

1. c4 e5 2. Nc3 d6 3. g3 f5 4. Bg2 Nf6 5. d3 Be7 6. Nf3 0-0 7. 0-0 c6 8. Nd2 a5 9. Rb1 Kh8 10. a3 Qe8 11. b4 axb4 12. axb4 Qh5 13. e4 Qg6 14. exf5 Bxf5 15. Nde4 Nbd7 16. b5 d5 17. bxc6 bxc6 18. cxd5 Nxd5 19. Bd2 Bg4 20. Qb3 Nb4 21. Nd1 Rab8 22. Qc4 Be6 23. Qc3 Qh5 24. Ne3 Qe2 25. d4 exd4 26. Qxd4 c5 27. Qc3 Nc6 28. Rbe1 Nd4 29. Kh1 Qh5 30. f4 Nf6 31. Nxf6 Bxf6 32. Qa3 Nb3 33. Bf3 Qf7 34. Bc1 Bc3 35. Rd1 Bd4 36. Rde1 Nxc1 37. Qxc1 Rb3 38. Bg2 Qh5 39. Nd1 Bd5 40. Re2 Rfb8 41. Rfe1 Bxg2+ 42. Rxg2 Rb1 43. Qc2 Qf3 44. h3 h5 45. h4 R8b2 0-1

[Event "Anapa (Women)"]
[Site "Anapa"]
[Date "2009.09.09"]
[Round "13"]
[White "Kalenik, Roman"]
[Black "Khlichkova, Tatiana"]
[Result "1/2-1/2"]
[WhiteElo "2279"]
[BlackElo "1984"]
[PlyCount "61"]
[EventDate "2009.08.30"]
[EventType "tourn"]
[EventRounds "13"]
[EventCountry "RUS"]
[SourceTitle "CBM 132 Extra"]
[Source "ChessBase"]
[SourceDate "2009.11.03"]
[SourceVersion "1"]
[SourceVersionDate "2009.11.03"]
[SourceQuality "1"]

1. d4 c5 2. d5 e5 3. c4 d6 4. Nc3 Be7 5. e4 h6 6. g3 Bg5 7. Bg2 Bxc1 8. Qxc1 Ne7 9. Nge2 0-0 10. 0-0 Nd7 11. f4 exf4 12. gxf4 Ng6 13. Ng3 Qf6 14. Qe3 a6 15. a4 Re8 16. Rae1 Nh4 17. Bh1 Nb6 18. b3 Bh3 19. Rf2 Qg6 20. e5 Nd7 21. Be4 Bf5 22. Bxf5 Nxf5 23. Qd3 Nxg3 24. Qxg6 fxg6 25. hxg3 g5 26. Rfe2 gxf4 27. gxf4 Rf8 28. exd6 Rxf4 29. Re8+ Rf8 30. Rxa8 Rxa8 31. Re7 1/2-1/2

[Event "Anapa (Women)"]
[Site "Anapa"]
[Date "2009.09.03"]
[Round "6"]
[White "Kalenik, Roman"]
[Black "Baraeva, Irina"]
[Result "1-0"]
[WhiteElo "2279"]
[BlackElo "2038"]
[PlyCount "113"]
[EventDate "2009.08.30"]
[EventType "tourn"]
[EventRounds "13"]
[EventCountry "RUS"]
[SourceTitle "CBM 132 Extra"]
[Source "ChessBase"]
[SourceDate "2009.11.03"]
[SourceVersion "1"]
[SourceVersionDate "2009.11.03"]
[SourceQuality "1"]

1. d4 d5 2. c4 c6 3. Nf3 Nf6 4. Nc3 e6 5. cxd5 exd5 6. Qc2 Bg4 7. Ne5 Bh5 8. Bg5 Be7 9. e3 Nbd7 10. Bf4 0-0 11. Bd3 Bg6 12. Nxg6 hxg6 13. h3 Re8 14. 0-0 Nf8 15. Rab1 a5 16. a3 Ne6 17. Bh2 Rc8 18. b4 axb4 19. axb4 Qd7 20. Na4 Bd8 21. Nc5 Qe7 22. Rfc1 Bc7 23. Bxc7 Rxc7 24. Ra1 Nxc5 25. bxc5 Ne4 26. Bxe4 Qxe4 27. Qxe4 Rxe4 28. Ra8+ Kh7 29. Rb8 g5 30. g4 Kg6 31. Ra1 Ree7 32. Raa8 Kf6 33. Kf1 Kg6 34. Rf8 Rcd7 35. Ke2 Rc7 36. Kd3 f6 37. Kc3 Rf7 38. Kb4 f5 39. Ka5 f4 40. exf4 Rxf4 41. Rxf4 gxf4 42. Re8 Rf7 43. Re6+ Kh7 44. f3 g6 45. g5 Kg7 46. Kb6 Rd7 47. Re8 Kf7 48. Rb8 Ke6 49. Rxb7 Rd8 50. Rg7 Kf5 51. h4 Rf8 52. Kxc6 Rc8+ 53. Kb7 Rf8 54. c6 Re8 55. Rf7+ Ke6 56. Rf6+ Ke7 57. c7 1-0

[Event "Anapa"]
[Site "Anapa"]
[Date "2007.09.??"]
[Round "5"]
[White "Ivanova, Svetlana"]
[Black "Kalenik, Roman"]
[Result "1/2-1/2"]
[WhiteElo "1841"]
[BlackElo "2295"]
[PlyCount "96"]
[EventDate "2007.09.??"]
[EventType "tourn"]
[EventRounds "11"]
[EventCountry "RUS"]
[EventCategory "2"]
[SourceTitle "EXT 2009"]
[Source "ChessBase"]
[SourceDate "2008.11.26"]
[SourceVersion "1"]
[SourceVersionDate "2008.11.26"]
[SourceQuality "1"]

1. e4 c6 2. d4 d5 3. Nc3 dxe4 4. Nxe4 Nd7 5. Nf3 Ngf6 6. Bd3 Nxe4 7. Bxe4 Nf6 8. Bd3 Bg4 9. c3 e6 10. h3 Bh5 11. Bg5 Be7 12. g4 Bg6 13. Qe2 Bxd3 14. Qxd3 Nd7 15. Bxe7 Qxe7 16. 0-0-0 0-0-0 17. Rhe1 Qf6 18. Qe3 Kb8 19. Ng5 Ka8 20. f4 h5 21. Ne4 Qe7 22. g5 g6 23. a3 Rhe8 24. c4 Nb6 25. Qb3 Qc7 26. Rf1 Nd7 27. Nc3 Qb6 28. Qa4 Kb8 29. Kb1 Qc7 30. Qc2 c5 31. d5 exd5 32. Nxd5 Qc6 33. f5 gxf5 34. Rxf5 Ne5 35. Ka2 Qg6 36. Rdf1 Rd6 37. Qh2 Qe6 38. Rf6 Qd7 39. Rxd6 Qxd6 40. Rf6 Re6 41. Qf4 a5 42. g6 fxg6 43. Rxe6 Qxe6 44. Qf8+ Ka7 45. Qxc5+ Kb8 46. Qc7+ Ka7 47. Qxa5+ Kb8 48. Qd8+ Ka7 1/2-1/2

[Event "Anapa"]
[Site "Anapa"]
[Date "2007.09.??"]
[Round "4"]
[White "Kalenik, Roman"]
[Black "Gusarchuk, Aleksei"]
[Result "1/2-1/2"]
[WhiteElo "2295"]
[BlackElo "2330"]
[PlyCount "68"]
[EventDate "2007.09.??"]
[EventType "tourn"]
[EventRounds "11"]
[EventCountry "RUS"]
[EventCategory "2"]
[SourceTitle "EXT 2009"]
[Source "ChessBase"]
[SourceDate "2008.11.26"]
[SourceVersion "1"]
[SourceVersionDate "2008.11.26"]
[SourceQuality "1"]

1. d4 Nf6 2. c4 g6 3. Nc3 Bg7 4. e4 d6 5. Nge2 0-0 6. Ng3 e5 7. d5 c6 8. Be2 a6 9. a4 a5 10. 0-0 Na6 11. Be3 Nc5 12. Ra3 Qc7 13. f3 Bd7 14. Qd2 Ne8 15. Rd1 Qb6 16. Kh1 Rd8 17. Bf1 Nc7 18. dxc6 Bxc6 19. Nd5 Nxd5 20. exd5 Bd7 21. Ne4 f5 22. Nxc5 dxc5 23. Qf2 Rc8 24. Rdd3 Qd6 25. Rdb3 b6 26. Ra1 Rce8 27. f4 e4 28. Rba3 Bf6 29. Rd1 Rf7 30. b3 Kh8 31. Ra2 Rg8 32. Be2 h6 33. Rc2 Rfg7 34. Rcc1 Ra8 1/2-1/2

[Event "Anapa"]
[Site "Anapa"]
[Date "2007.09.??"]
[Round "2"]
[White "Kalenik, Roman"]
[Black "Kim, Alexandra V"]
[Result "1/2-1/2"]
[WhiteElo "2295"]
[BlackElo "2203"]
[PlyCount "98"]
[EventDate "2007.09.??"]
[EventType "tourn"]
[EventRounds "11"]
[EventCountry "RUS"]
[EventCategory "2"]
[SourceTitle "EXT 2009"]
[Source "ChessBase"]
[SourceDate "2008.11.26"]
[SourceVersion "1"]
[SourceVersionDate "2008.11.26"]
[SourceQuality "1"]

1. d4 d5 2. c4 e6 3. Nc3 Nf6 4. cxd5 exd5 5. Qc2 Nbd7 6. Bg5 Be7 7. e3 0-0 8. Bd3 c6 9. h3 Re8 10. Nf3 Nf8 11. Bf4 Bd6 12. Bxd6 Qxd6 13. 0-0-0 a5 14. Kb1 Qb4 15. Na4 Ne4 16. Bxe4 dxe4 17. Nd2 Nd7 18. a3 Qe7 19. Rc1 Nf6 20. Nb6 Ra6 21. Nxc8 Rxc8 22. Qc5 Qe6 23. Nc4 Nd7 24. Qd6 Nf6 25. Qxe6 fxe6 26. Nd6 Rc7 27. Rc2 Rd7 28. Nc4 Ne8 29. Rhc1 Rd5 30. Ne5 Nd6 31. h4 Nf7 32. Nc4 Nd6 33. Nxd6 Rxd6 34. Rc5 Rd5 35. h5 Ra8 36. f4 exf3 37. gxf3 Rf8 38. f4 Rff5 39. Rxd5 exd5 40. Rh1 Kf7 41. Kc2 g6 42. hxg6+ Kxg6 43. Kd3 Rf7 44. b4 axb4 45. axb4 Rf8 46. b5 Ra8 47. bxc6 bxc6 48. Ke2 Ra2+ 49. Kf3 Rc2 1/2-1/2

[Event "Anapa"]
[Site "Anapa"]
[Date "2007.09.??"]
[Round "11"]
[White "Kalenik, Roman"]
[Black "Maiorov, Oleg Ivanovich"]
[Result "1/2-1/2"]
[WhiteElo "2295"]
[BlackElo "2469"]
[PlyCount "28"]
[EventDate "2007.09.??"]
[EventType "tourn"]
[EventRounds "11"]
[EventCountry "RUS"]
[EventCategory "2"]
[SourceTitle "EXT 2009"]
[Source "ChessBase"]
[SourceDate "2008.11.26"]
[SourceVersion "1"]
[SourceVersionDate "2008.11.26"]
[SourceQuality "1"]

1. d4 d5 2. c4 c6 3. Nf3 Nf6 4. Nc3 dxc4 5. a4 Bf5 6. Ne5 e6 7. f3 Bb4 8. e4 Bxe4 9. fxe4 Nxe4 10. Bd2 Qxd4 11. Nxe4 Qxe4+ 12. Qe2 Bxd2+ 13. Kxd2 Qd5+ 14. Kc2 Na6 1/2-1/2

[Event "Anapa"]
[Site "Anapa"]
[Date "2007.09.??"]
[Round "1"]
[White "Magomedov, Murad"]
[Black "Kalenik, Roman"]
[Result "1/2-1/2"]
[WhiteElo "2235"]
[BlackElo "2295"]
[PlyCount "106"]
[EventDate "2007.09.??"]
[EventType "tourn"]
[EventRounds "11"]
[EventCountry "RUS"]
[EventCategory "2"]
[SourceTitle "EXT 2009"]
[Source "ChessBase"]
[SourceDate "2008.11.26"]
[SourceVersion "1"]
[SourceVersionDate "2008.11.26"]
[SourceQuality "1"]

1. d4 d5 2. c4 c6 3. Nc3 dxc4 4. e4 b5 5. a4 e5 6. Nf3 exd4 7. Qxd4 Qxd4 8. Nxd4 b4 9. Nd1 Ba6 10. Be3 Nf6 11. f3 c5 12. Nb5 Bxb5 13. axb5 Nbd7 14. Bxc4 Nb6 15. b3 Nxc4 16. bxc4 Nd7 17. Bc1 Nb6 18. Ne3 Bd6 19. Bb2 0-0 20. Bxg7 Bf4 21. Bxf8 Bxe3 22. Bd6 Nxc4 23. Bc7 Na3 24. Rxa3 bxa3 25. Be5 Bd4 26. Bxd4 cxd4 27. Kd2 Rb8 28. Rb1 a2 29. Ra1 Rxb5 30. Rxa2 Rb3 31. h4 Kg7 32. h5 h6 33. Rxa7 Rb2+ 34. Kd3 Rxg2 35. Ra5 Rf2 36. Rf5 Rf1 37. Kxd4 Ra1 38. Ke3 Rh1 39. Ra5 Rh4 40. Kf2 Rh2+ 41. Kg3 Rh1 42. Kg4 Rg1+ 43. Kf4 Rh1 44. Rb5 Rh4+ 45. Kg3 Rh1 46. f4 Rg1+ 47. Kf2 Rh1 48. Kg2 Rh4 49. Kg3 Rh1 50. e5 Rxh5 51. Rb7 Kf8 52. Kg4 Rh1 53. f5 Rg1+ 1/2-1/2

[Event "Anapa-B"]
[Site "Anapa"]
[Date "2006.09.??"]
[Round "?"]
[White "Kalenik, Roman"]
[Black "Abuladze, Lana"]
[Result "1-0"]
[WhiteElo "2378"]
[BlackElo "2100"]
[PlyCount "75"]
[EventDate "2006.09.??"]
[EventType "tourn"]
[EventRounds "11"]
[EventCountry "RUS"]
[SourceTitle "EXT 2010"]
[Source "ChessBase"]
[SourceDate "2010.11.25"]
[SourceVersion "1"]
[SourceVersionDate "2010.11.25"]
[SourceQuality "1"]

1. d4 Nf6 2. c4 g6 3. Nc3 d5 4. Bf4 Na6 5. e3 c6 6. Nf3 Bg7 7. Be2 0-0 8. 0-0 Nc7 9. Rc1 Ne6 10. Be5 Bh6 11. Qb3 dxc4 12. Bxc4 Qb6 13. Qxb6 axb6 14. a3 Ne8 15. Rfd1 Ng5 16. Nxg5 Bxg5 17. d5 Bf6 18. Bg3 h5 19. h3 b5 20. Be2 Bg7 21. dxc6 bxc6 22. Bf3 Ra6 23. Rd2 Nf6 24. Na2 Bb7 25. Nb4 Raa8 26. Nxc6 Rfe8 27. Nd4 Bxf3 28. gxf3 b4 29. axb4 Nd5 30. Nc6 e6 31. b5 Ra2 32. Rcc2 g5 33. Rxd5 exd5 34. b6 Rxb2 35. Rxb2 Bxb2 36. b7 f6 37. b8Q Rxb8 38. Bxb8 1-0

[Event "Anapa-B"]
[Site "Anapa"]
[Date "2006.09.??"]
[Round "?"]
[White "Kalenik, Roman"]
[Black "Ivanova, Svetlana"]
[Result "1/2-1/2"]
[WhiteElo "2378"]
[BlackElo "2192"]
[PlyCount "20"]
[EventDate "2006.09.??"]
[EventType "tourn"]
[EventRounds "11"]
[EventCountry "RUS"]
[SourceTitle "EXT 2010"]
[Source "ChessBase"]
[SourceDate "2010.11.25"]
[SourceVersion "1"]
[SourceVersionDate "2010.11.25"]
[SourceQuality "1"]

1. d4 d5 2. c4 c6 3. Nc3 Nf6 4. Nf3 dxc4 5. a4 Bf5 6. e3 e6 7. Bxc4 Bb4 8. 0-0 0-0 9. Qe2 Nbd7 10. e4 Bg6 1/2-1/2

[Event "Anapa-A"]
[Site "Anapa"]
[Date "2006.09.??"]
[Round "?"]
[White "Kalenik, Roman"]
[Black "Pudovkin, Dmitry"]
[Result "1/2-1/2"]
[WhiteElo "2378"]
[BlackElo "2308"]
[PlyCount "92"]
[EventDate "2006.09.??"]
[EventType "tourn"]
[EventRounds "11"]
[EventCountry "RUS"]
[EventCategory "1"]
[SourceTitle "EXT 2010"]
[Source "ChessBase"]
[SourceDate "2010.11.25"]
[SourceVersion "1"]
[SourceVersionDate "2010.11.25"]
[SourceQuality "1"]

1. d4 d5 2. c4 c6 3. Nf3 Nf6 4. Nc3 a6 5. c5 g6 6. Bf4 Bg7 7. h3 0-0 8. e3 Nbd7 9. Be2 b5 10. cxb6 Qxb6 11. Rb1 c5 12. 0-0 Bb7 13. Na4 Qa5 14. Nxc5 Nxc5 15. b4 Qxa2 16. bxc5 Bc8 17. Ne5 Ne4 18. Ra1 Qb2 19. Bf3 Bxe5 20. Bxe5 Nc3 21. Qc1 Ne2+ 22. Bxe2 Qxe2 23. c6 Bf5 24. Qc5 Qb5 25. Rfc1 Qxc5 26. Rxc5 e6 27. Ra3 Rfc8 28. c7 Kf8 29. Bf6 h6 30. Bd8 Ke8 31. Rca5 Kd7 32. Rxa6 Rxa6 33. Rxa6 Bd3 34. Rb6 Ra8 35. Kh2 Ra2 36. Rb8 Rc2 37. h4 Bf1 38. Kg3 Bd3 39. Ra8 Bb5 40. h5 gxh5 41. Kh4 Bf1 42. Kxh5 Bxg2 43. Kxh6 Be4 44. Kg7 Bg6 45. f4 Rc3 46. Rb8 Rc1 1/2-1/2

[Event "UKR-ch"]
[Site "Alushta"]
[Date "2002.05.11"]
[Round "9"]
[White "Truskavetsky, Alexandr"]
[Black "Kalenik, Roman"]
[Result "0-1"]
[WhiteElo "2284"]
[BlackElo "2229"]
[PlyCount "90"]
[EventDate "2002.05.02"]
[EventType "swiss"]
[EventRounds "9"]
[EventCountry "UKR"]
[SourceTitle "EXT 2003"]
[Source "ChessBase"]
[SourceDate "2002.11.25"]
[SourceVersion "1"]
[SourceVersionDate "2002.11.25"]
[SourceQuality "1"]

1. d4 d5 2. c4 c6 3. Nf3 Nf6 4. Nc3 e6 5. e3 Nbd7 6. Qc2 Bd6 7. Bd3 0-0 8. 0-0 b6 9. e4 dxe4 10. Nxe4 Be7 11. c5 Qc7 12. b4 Nd5 13. Neg5 g6 14. Qd2 Bf6 15. h4 Bg7 16. h5 Re8 17. Nxh7 Kxh7 18. hxg6+ fxg6 19. Ng5+ Kg8 20. Bxg6 Re7 21. Qd3 N7f6 22. Rb1 Nf4 23. Bh7+ Kh8 24. Qf3 e5 25. dxe5 Nxh7 26. Bxf4 Nxg5 27. Bxg5 Rf7 28. Qh5+ Kg8 29. f4 bxc5 30. bxc5 Qa5 31. Rbc1 Qxa2 32. Rf2 Qd5 33. Qe2 Be6 34. Rd1 Qxc5 35. Rd6 Re8 36. Qh5 a5 37. Rd3 a4 38. Bh6 Bxh6 39. Qxh6 Rg7 40. Rd6 Qc1+ 41. Rf1 Qe3+ 42. Rf2 Bf5 43. Qh5 Rf8 44. Rh6 Bh7 45. Rxc6 Be4 0-1

[Event "UKR-ch"]
[Site "Alushta"]
[Date "2002.05.10"]
[Round "8"]
[White "Kalenik, Roman"]
[Black "Gerasimenyk, Mihail"]
[Result "1-0"]
[WhiteElo "2229"]
[BlackElo "2338"]
[PlyCount "77"]
[EventDate "2002.05.02"]
[EventType "swiss"]
[EventRounds "9"]
[EventCountry "UKR"]
[SourceTitle "EXT 2003"]
[Source "ChessBase"]
[SourceDate "2002.11.25"]
[SourceVersion "1"]
[SourceVersionDate "2002.11.25"]
[SourceQuality "1"]

1. d4 Nf6 2. c4 g6 3. Nc3 Bg7 4. e4 d6 5. Nge2 0-0 6. Ng3 e5 7. d5 a5 8. Be2 Na6 9. 0-0 h5 10. Bg5 Qe8 11. Rb1 Nh7 12. Be3 h4 13. Nh1 f5 14. exf5 gxf5 15. f4 e4 16. Nf2 Bf6 17. Qd2 Qg6 18. Kh1 Kh8 19. Rg1 Rg8 20. g4 hxg3 21. Rxg3 Qf7 22. Rxg8+ Kxg8 23. Rg1+ Kh8 24. Nh3 Bd7 25. Ng5 Nxg5 26. fxg5 Bg7 27. h4 Rf8 28. Bf4 Nc5 29. h5 Qe7 30. h6 Be5 31. Bh5 Nd3 32. Bxe5+ Nxe5 33. g6 Rg8 34. Qf4 Ng4 35. g7+ Kh7 36. Rxg4 fxg4 37. Nxe4 Qh4+ 38. Kg2 Rxg7 39. hxg7 1-0

[Event "UKR-chT 10th"]
[Site "Alushta"]
[Date "2002.04.18"]
[Round "9"]
[White "Kalenik, Roman"]
[Black "Gritsak, Orest"]
[Result "0-1"]
[WhiteElo "2229"]
[BlackElo "2535"]
[PlyCount "44"]
[EventDate "2002.04.09"]
[EventType "team-swiss"]
[EventRounds "9"]
[EventCountry "UKR"]
[SourceTitle "EXT 2019"]
[Source "ChessBase"]
[SourceDate "2018.10.10"]
[SourceVersion "1"]
[SourceVersionDate "2018.10.10"]
[SourceQuality "1"]
[WhiteTeam "Simferopol Blik"]
[BlackTeam "Lwiw Carpathia-Galicia"]
[WhiteTeamCountry "UKR"]
[BlackTeamCountry "UKR"]

1. d4 f5 2. Nf3 Nf6 3. g3 e6 4. Bg2 d5 5. Bf4 Be7 6. 0-0 0-0 7. Ne5 Nbd7 8. Nd3 Ne4 9. h4 c5 10. dxc5 Ndxc5 11. Nxc5 Bxc5 12. Bxe4 fxe4 13. e3 Qf6 14. c3 b6 15. Qh5 Ba6 16. Rd1 Rae8 17. Qe5 Qg6 18. b4 Be7 19. a4 Qg4 20. Re1 Bd3 21. Kh2 Bf6 22. Qd6 Rd8 0-1

[Event "UKR-chT 10th"]
[Site "Alushta"]
[Date "2002.04.15"]
[Round "6"]
[White "Kalenik, Roman"]
[Black "Lagno, Kateryna"]
[Result "1-0"]
[WhiteElo "2229"]
[BlackElo "2277"]
[PlyCount "127"]
[EventDate "2002.04.09"]
[EventType "team-swiss"]
[EventRounds "9"]
[EventCountry "UKR"]
[SourceTitle "EXT 2019"]
[Source "ChessBase"]
[SourceDate "2018.10.10"]
[SourceVersion "1"]
[SourceVersionDate "2018.10.10"]
[SourceQuality "1"]
[WhiteTeam "Simferopol Blik"]
[BlackTeam "Kramatorsk Grandmaster III"]
[WhiteTeamCountry "UKR"]
[BlackTeamCountry "UKR"]

1. d4 Nf6 2. c4 e6 3. Nc3 Bb4 4. Qc2 0-0 5. Bg5 c5 6. dxc5 Bxc5 7. e3 Nc6 8. Nf3 Be7 9. Be2 a6 10. 0-0 h6 11. Bh4 b6 12. a3 Bb7 13. Rfd1 Qc7 14. b4 d6 15. Rac1 Rac8 16. h3 Qb8 17. Bg3 Rfd8 18. Qb3 Qa7 19. Rd2 Rd7 20. Rcd1 Rcd8 21. Ne1 Nb8 22. Bf3 Bxf3 23. Nxf3 Qb7 24. Qa2 Nc6 25. Rd3 b5 26. cxb5 axb5 27. Nd4 Ra8 28. Qb2 Nxd4 29. Rxd4 d5 30. Be5 Qa6 31. Ra1 Qc6 32. a4 bxa4 33. b5 Qb7 34. Rdxa4 Rdd8 35. b6 Rxa4 36. Rxa4 Bc5 37. Bc7 Rf8 38. Qb5 Be7 39. Ra7 Qc8 40. Qc6 Bb4 41. b7 Qd7 42. Qxd7 Nxd7 43. Nb5 Kh7 44. Ra8 Kg6 45. Rxf8 Bxf8 46. b8Q Nxb8 47. Bxb8 Bc5 48. Kf1 f6 49. Ke2 Kf7 50. Bd6 Bb6 51. Bb4 e5 52. Kd3 h5 53. f3 Ke6 54. e4 dxe4+ 55. fxe4 f5 56. Nd6 g6 57. Nc4 Bf2 58. Bc3 Bg3 59. Ke3 Bh2 60. Kf3 h4 61. Be1 g5 62. exf5+ Kxf5 63. Ne3+ Ke6 64. Ke4 1-0